000 00432nam a2200133 4500
999 _c9303
_d9303
008 180430b ||||| |||| 00| 0 eng d
082 _aDPer 050 Dec 2015-Mar 2016 T48 v186-187
100 _927677
_aBremmer, Ian.
245 _aPutin's wily Syria tactics pay off/
_cIan Bremmer.
260 _aNew York:
_bTime Inc.,
_c©Dec 2015-Mar 2016.
300 _av187 n11, page 10:
_c27 cm.
650 0 _927678
_aTactics.
942 _2ddc
_cPER